Subdivision/Territory Flags #2 - Statistics

General Stats
  • This quiz has been taken 47 times
  • The average score is 12 of 20
Answer Stats
Picture Answer % Correct
England
88%
Arizona
79%
New Mexico
76%
Nunavut
76%
British Columbia
73%
Christmas Island
73%
Cocos (Keeling) Islands
73%
Norfolk Island
73%
Bavaria
67%
Alabama
64%
Rhode Island
64%
Brittany
61%
New Brunswick
61%
Cornwall
52%
New South Wales
48%
Australian Capital Territory
45%
Shetland
39%
Scania
36%
Orkney
30%
Picardy
9%
No matching quizzes found
Score Distribution
Percent of People with Each Score
Percentile by Number Answered
Your Score History
You have not taken this quiz